00630pab a2200181 454500008004000000100001800040245015300058260000900211300001700220362000800237650002200245700002600267773001800293908000600311909001000317999001700327952010400344180718b2010 xxu||||| |||| 00| 0 eng d aPolese, Mario aChanges at the top: A cross-country examination over the 20th century of the rise (and fall) in rank of the top cities in national urban hierarchies c2010 ap.1843-1860. aAug aUrban development aDenis-Jacob, Jonathan aUrban Studies aN a90908 c90908d90908 00104070aIIPAbIIPAd2018-07-19hVolume no: 47, Issue no: 9pAR91368r2018-07-19w2018-07-19yAR